| 000 | | | 03852nmc2a22000003x 450 |
| 001 | | | 8157e6b0-0d13-45d1-9073-72bd50536d26 |
| 005 | | | 20190205185019.0 |
| 100 | ## | $a | 20170626l18141814k l0rusy0189 ca |
| 101 | 0# | $a | rus |
| 102 | ## | $a | RU |
| 200 | 1# | $a | Донесения министра юстиции о произведенных в Правительствующем Сенате торгах на винные откупа, с 1815 по 1819 год |
| | $j | август - 14 ноября 1814 г. |
| 251 | ## | $c | Дело |
| 300 | ## | $a | На обложке указано примечание: "См. дело 1814 г. №1, том 1" |
| 801 | #0 | $a | RU |
| | $b | РГИА |
| | $c | 20170626 |
| | $g | RCR |
| 801 | #1 | $a | RU |
| | $b | ГлавНИВЦ |
| | $c | 20170626 |
| | $2 | rusmarc |
| 801 | #2 | $a | RU |
| | $b | ПБ им. Б.Н. Ельцина |
| | $c | 20190205 |
| | $g | RCR |
| | $2 | rusmarc |
| 850 | ## | $a | РГИА |
| 852 | ## | $a | РГИА |
| | $e | Федеральное казенное учреждение "Российский государственный исторический архив" (РГИА) |
| | $j | 1 |
| | $l | б |
| 937 | ## | $h | РГИА |
| | $d | 12269383 |
| | $a | ASBIBLIO_SCAN |
| 462 | #0 | $1 | 0018f6de931-297c-4879-9713-8ccbd4a7d611 |
| | $1 | 2001 |
| | $a | Дела, представленные департаментами Государственного совета на рассмотрение общего собрания за 1814 год |
| | $1 | 251 |
| | $c | Опись |
| | $1 | 852 |
| | $j | 1 |
| | $l | 1814 г.-ОС |
| 461 | #0 | $1 | 00172577c24-f015-4925-97ce-d86d16863e57 |
| | $1 | 2001 |
| | $a | Общее собрание Государственного совета |
| | $1 | 251 |
| | $c | Фонд |
| | $1 | 852 |
| | $j | 1148 |
| 215 | ## | $a | 158 л. |
| | $d | 36,5х26 см |
| 371 | ## | $a | Документ не является опубликованным и широко распространяемым |
| 105 | ## | $a | y### |
| 122 | 2# | $a | d |
| 035 | ## | $a | 8157e6b0-0d13-45d1-9073-72bd50536d26 |
| 856 | ## | $u | http://readingroom.main.prlib.ru/item.aspx?id_node=n124640983&mode=full |